[Event "80th ARM-ch 1st League 2019"]
[Site "Yerevan"]
[Date "2019.08.23"]
[Round "6.6"]
[White "Hayrapetyan, Hovik"]
[Black "Gharibyan, Mamikon"]
[Result "0-1"]
[WhiteElo "2453"]
[BlackElo "2365"]
[Annotator "ChessBase"]
[PlyCount "112"]
[EventDate "2019.08.18"]
[EventType "tourn"]
[EventCountry "ARM"]
[SourceTitle "playchess.com"]
[Source "ChessBase"]
[SourceQuality "1"]
[TimeControl "40/5400+30:1800+30"]

1. Nf3 {[%emt 0:00:05]} d5 {[%emt 0:00:12]} 2. d4 {[%emt 0:00:31]} Nf6 {[%emt 0:10:28]} 3. c4 {[%emt 0:00:32]} e6 {[%emt 0:01:01]} 4. Nc3 {[%emt 0:01:44]} Bb4 {[%emt 0:02:45]} 5. Bd2 {[%emt 0:09:30]} c6 {[%emt 0:10:23]} 6. e3 {[%emt 0:01:05]} O-O {[%emt 0:00:56]} 7. Bd3 {[%emt 0:02:18]} Nbd7 {[%emt 0:03:17]} 8. O-O {[%emt 0:00:18]} Bd6 {[%emt 0:04:20]} 9. e4 {[%emt 0:15:38]} dxc4 {[%emt 0:00:51]} 10. Bxc4 {[%emt 0:02:06]} e5 {[%emt 0:00:12]} 11. Bg5 {[%emt 0:01:38]} Qe7 {[%emt 0:11:37]} 12. Qe2 {[%emt 0:15:48]} exd4 {[%emt 0:04:00]} 13. Nxd4 {[%emt 0:03:04]} Ne5 {[%emt 0:00:39]} 14. Bb3 {[%emt 0:01:31]} h6 {[%emt 0:08:17]} 15. Bh4 {[%emt 0:03:13]} Ng6 {[%emt 0:01:54]} 16. Bg3 {[%emt 0:00:31]} Bc5 {[%emt 0:01:06]} 17. Rad1 {[%emt 0:03:55]} Rd8 {[%emt 0:02:33]} 18. Nf3 {[%emt 0:19:10]} Bg4 {[%emt 0:01:25]} 19. Rxd8+ {[%emt 0:05:39]} Rxd8 {[%emt 0:01:41]} 20. Rd1 {[%emt 0:00:04]} Rxd1+ {[%emt 0:09:41]} 21. Bxd1 {[%emt 0:00:01]} Bd4 {[%emt 0:02:07]} 22. Bc2 {[%emt 0:06:20]} Bxf3 {[%emt 0:06:10]} 23. gxf3 {[%emt 0:02:24]} Nh5 {[%emt 0:00:32]} 24. Qd2 {[%emt 0:01:35]} Qf6 {[%emt 0:02:27]} 25. Bd1 {[%emt 0:00:01]} Nhf4 {[%emt 0:02:03]} 26. Ne2 {[%emt 0:01:19]} Nxe2+ {[%emt 0:05:24]} 27. Bxe2 {[%emt 0:00:02]} Bxb2 {[%emt 0:00:43]} 28. Qd7 {[%emt 0:00:19]} Qe7 {[%emt 0:01:38]} 29. Qc8+ {[%emt 0:00:25]} Kh7 {[%emt 0:00:31]} 30. Bc4 {[%emt 0:01:40]} Ne5 {[%emt 0:03:49]} 31. Bxe5 {[%emt 0:00:50]} Bxe5 {[%emt 0:00:21]} 32. Qf5+ {[%emt 0:00:50]} g6 {[%emt 0:00:17]} 33. Qxf7+ {[%emt 0:00:07]} Qxf7 {[%emt 0:00:04]} 34. Bxf7 {[%emt 0:00:04]} Kg7 {[%emt 0:00:40]} 35. Be8 {[%emt 0:01:38]} Kf6 {[%emt 0:01:31]} 36. h3 {[%emt 0:00:57]} g5 {[%emt 0:01:23]} 37. Kf1 {[%emt 0:00:04]} Bh2 {[%emt 0:00:44]} 38. Ke2 {[%emt 0:00:12]} Ke5 {[%emt 0:00:11]} 39. Kd3 {[%emt 0:00:13]} Kd6 {[%emt 0:00:41]} 40. Kc4 {[%emt 0:00:00]} Bg1 {[%emt 0:00:00]} 41. f4 {[%emt 0:03:55]} gxf4 {[%emt 0:03:13]} 42. f3 {[%emt 0:03:10]} Bb6 {[%emt 0:03:10]} 43. h4 {[%emt 0:05:06]} Bd8 {[%emt 0:06:28]} 44. h5 {[%emt 0:00:05]} Bf6 {[%emt 0:00:19]} 45. a4 {[%emt 0:02:03]} b6 {[%emt 0:02:44]} 46. Bf7 {[%emt 0:11:39]} a6 {[%emt 0:04:32]} 47. Be8 {[%emt 0:02:21]} b5+ {[%emt 0:01:35]} 48. Kb4 {[%emt 0:00:14]} Bd4 {[%emt 0:00:33]} 49. Kb3 {[%emt 0:07:57]} Kc5 {[%emt 0:02:44]} 50. Bd7 {[%emt 0:00:01]} Kb6 {[%emt 0:00:44]} 51. Bc8 {[%emt 0:01:04]} c5 {[%emt 0:00:32]} 52. axb5 {[%emt 0:00:23]} axb5 {[%emt 0:00:06]} 53. Be6 {[%emt 0:00:37]} Be5 {[%emt 0:00:19]} 54. Bd7 {[%emt 0:00:32]} c4+ {[%emt 0:00:13]} 55. Kb4 {[%emt 0:00:04]} Bd6+ {[%emt 0:00:05]} 56. Kc3 {[%emt 0:00:48]} Kc5 {[%emt 0:00:05] Kd4+} 0-1

[Event "80th ARM-ch 1st League 2019"]
[Site "Yerevan"]
[Date "2019.08.23"]
[Round "6.7"]
[White "Davtyan, Artur"]
[Black "Gevorgyan, Albert"]
[Result "1-0"]
[WhiteElo "2440"]
[BlackElo "2175"]
[Annotator "TA"]
[PlyCount "75"]
[EventDate "2019.08.18"]
[EventType "tourn"]
[EventCountry "ARM"]
[SourceTitle "playchess.com"]
[Source "ChessBase"]
[SourceQuality "1"]

{[%evp 12,75,19,22,29,25,25,33,28,25,20,12,18,10,18,22,15,19,25,8,19,0,39,51,33,0,6,8,11,11,15,17,10,8,22,12,31,20,100,87,231,229,258,231,244,222,286,284,298,269,489,472,469,368,354,345,563,556,572,560,729,721,803,785,695,647]} 1. d4 d5 2. c4 c6 3. Nf3 Nf6 4. e3 e6 5. b3 Nbd7 6. Bd3 Bd6 7. Bb2 O-O {A06: Réti Opening:1 Nf3 d5} 8. O-O b6 9. Nbd2 Bb7 {White is slightly better.} 10. Qe2 (10. Ne5 c5 11. cxd5 exd5 12. f4 Re8 13. Qf3 cxd4 14. exd4 {½-½ (63) Riazantsev,A (2649)-Timofeev,A (2589) St Petersburg 2018}) 10... Qe7 11. Ne5 c5 12. Rad1 Rad8 13. f4 cxd4 14. exd4 Ba3 $146 ({Predecessor:} 14... g6 15. g3 {½-½ (29) Nouveau,L (2339)-Pekin,T (2238) ICCF email 2017}) 15. Ba1 Bb4 16. Bb1 (16. Rc1 {with more complications.} Rc8 17. Bb2 h6 18. Rc2 Rc7 19. Rfc1) 16... Bxd2 (16... Nb8 {feels hotter.} 17. Bb2 Nc6 18. Bc2 Ba3 19. Bc3 Bb4) 17. Rxd2 Ne4 18. Rd3 f6 19. Nf3 Qd6 20. Qe3 Rc8 21. Rc1 Rfd8 22. Rdd1 Nf8 23. Nd2 {[%cal Rd2e4]} Nxd2 24. Rxd2 f5 {[#]} (24... dxc4 $11 25. bxc4 Ng6) 25. c5 $1 $16 Qe7 {[#]} (25... Ba6 $16) 26. Bxf5 $1 $18 {[%mdl 576] Pin} Qf7 (26... exf5 27. Qxe7) 27. Bh3 Re8 28. Re2 g6 29. Bb2 b5 30. Rf1 Re7 $2 {[#]} (30... a5 31. g3 Ba6) 31. f5 $1 {[%mdl 512]} gxf5 {[#]} (31... exf5 32. Qxe7) 32. Rxf5 $1 {[%mdl 512]} exf5 33. Qxe7 Qxe7 $2 (33... Bc6 {might work better.} 34. Qg5+ Qg6 35. Qxf5 Re8 36. Rxe8 Qxf5 37. Bxf5 Bxe8) 34. Rxe7 {White is clearly winning.} Bc6 35. Bxf5 Re8 36. Rc7 Re2 37. Rxc6 Rxb2 38. Rc8 {Accuracy: White = 68%, Black = 29%.} 1-0

[Event "80th ARM-ch 1st League 2019"]
[Site "Yerevan"]
[Date "2019.08.24"]
[Round "7.1"]
[White "Torosyan, Norayr"]
[Black "Chaqryan, Erik"]
[Result "1-0"]
[WhiteElo "2365"]
[BlackElo "2105"]
[Annotator "NA"]
[PlyCount "51"]
[EventDate "2019.08.18"]
[EventType "tourn"]
[EventCountry "ARM"]
[SourceTitle "playchess.com"]
[Source "ChessBase"]
[SourceQuality "1"]
[TimeControl "40/5400+30:1800+30"]

1. d4 {[%emt 0:00:00]} Nf6 {[%emt 0:00:21]} 2. Bf4 {[%emt 0:00:26]} g6 {[%emt 0:00:17]} 3. Nc3 {[%emt 0:00:09]} d5 {[%emt 0:01:01]} 4. e3 {[%emt 0:01:30]} Bg7 {[%emt 0:00:14]} 5. h4 {[%emt 0:00:07]} h5 {[%emt 0:01:27]} 6. Nf3 {[%emt 0:00:00]} O-O {[%emt 0:04:22]} 7. Ne5 {[%emt 0:00:00]} c5 {[%emt 0:01:36]} 8. Qd2 {[%emt 0:00:00]} Qa5 {[%emt 0:06:12]} 9. f3 {[%emt 0:05:21]} Nc6 {[%emt 0:04:35]} 10. dxc5 {[%emt 0:24:29]} Qxc5 {[%emt 0:07:18]} 11. Nxc6 {[%emt 0:02:15]} Qxc6 {[%emt 0:01:08]} 12. O-O-O {[%emt 0:00:07]} Be6 {[%emt 0:05:03]} 13. Be5 {[%emt 0:09:04]} a6 {[%emt 0:07:22]} 14. Qd4 {[%emt 0:01:04]} Rac8 $11 {[%emt 0:04:25]} 15. g4 {[%emt 0:05:55]} Qc5 {[%emt 0:02:54]} 16. Qf4 {[%emt 0:02:08]} Qa5 {[%emt 0:18:12]} 17. Bd3 {[%emt 0:09:28]} Rc6 {[%emt 0:04:00]} 18. a3 {[%emt 0:04:41]} d4 {[%emt 0:11:09]} 19. Bxd4 {[%emt 0:02:02]} hxg4 {[%emt 0:00:18]} 20. fxg4 {[%emt 0:07:20]} Nxg4 {[%emt 0:00:09]} 21. Rdg1 {[%emt 0:09:58]} Bxd4 {[%emt 0:03:16]} 22. exd4 {[%emt 0:00:05]} Rxc3 {[%emt 0:00:06]} 23. bxc3 {[%emt 0:00:03]} Qxc3 {[%emt 0:00:21]} 24. h5 {[%emt 0:02:17]} Qxa3+ {[%emt 0:00:23]} 25. Kd2 {[%emt 0:01:36]} Qa5+ {[%emt 0:07:39]} 26. Ke2 {[%emt 0:00:36]} 1-0

[Event "80th ARM-ch 1st League 2019"]
[Site "Yerevan"]
[Date "2019.08.24"]
[Round "7.2"]
[White "Khojayan, Vardan"]
[Black "Harutyunian, Tigran K."]
[Result "0-1"]
[WhiteElo "2236"]
[BlackElo "2555"]
[Annotator "ChessBase"]
[PlyCount "84"]
[EventDate "2019.08.18"]
[EventType "tourn"]
[EventCountry "ARM"]
[SourceTitle "playchess.com"]
[Source "ChessBase"]
[SourceQuality "1"]
[TimeControl "40/5400+30:1800+30"]

1. Nf3 {[%emt 0:00:00]} Nf6 2. b3 {[%emt 0:01:22]} g6 {[%emt 0:07:48]} 3. Bb2 {[%emt 0:00:19]} Bg7 {[%emt 0:00:06]} 4. e3 {[%emt 0:04:22]} O-O {[%emt 0:00:27]} 5. Be2 {[%emt 0:00:07]} d6 {[%emt 0:01:47]} 6. d4 {[%emt 0:02:14]} Nc6 {[%emt 0:01:23]} 7. O-O {[%emt 0:13:29]} Bf5 {[%emt 0:00:39]} 8. Nh4 {[%emt 0:05:26]} Bd7 {[%emt 0:01:33]} 9. Nf3 {[%emt 0:00:24]} a5 {[%emt 0:07:41]} 10. a3 {[%emt 0:01:04]} e5 {[%emt 0:01:08]} 11. dxe5 {[%emt 0:01:55]} Ng4 {[%emt 0:01:32]} 12. c4 {[%emt 0:00:17]} Ngxe5 {[%emt 0:01:18]} 13. Nc3 {[%emt 0:01:33]} Nxf3+ {[%emt 0:04:15]} 14. Bxf3 {[%emt 0:00:21]} Ne5 {[%emt 0:00:14]} 15. Be2 {[%emt 0:01:21]} a4 {[%emt 0:01:37]} 16. f4 {[%emt 0:08:30]} Nc6 {[%emt 0:01:49]} 17. Nxa4 {[%emt 0:04:01]} Qe7 {[%emt 0:01:55]} 18. Qd2 {[%emt 0:07:30]} Rfe8 {[%emt 0:07:35]} 19. Bxg7 {[%emt 0:02:46]} Kxg7 {[%emt 0:02:36]} 20. Kf2 {[%emt 0:02:51]} Qh4+ {[%emt 0:07:58]} 21. Kg1 {[%emt 0:00:17]} Na5 {[%emt 0:00:19]} 22. Nb2 {[%emt 0:00:34]} Qf6 {[%emt 0:03:10]} 23. Bd1 {[%emt 0:02:25]} Re7 {[%emt 0:01:35]} 24. Rc1 {[%emt 0:03:00]} Nc6 {[%emt 0:02:12]} 25. Na4 {[%emt 0:00:42]} Nb8 {[%emt 0:20:44]} 26. Nc3 {[%emt 0:07:04]} Bc6 {[%emt 0:00:17]} 27. f5 {[%emt 0:12:21]} gxf5 {[%emt 0:02:26]} 28. Bc2 {[%emt 0:02:39]} Re5 {[%emt 0:02:37]} 29. Ne2 {[%emt 0:03:40]} Rxa3 {[%emt 0:01:13]} 30. Ng3 {[%emt 0:01:17]} Qg5 {[%emt 0:03:25]} 31. Rf4 {[%emt 0:01:30]} Ra2 {[%emt 0:02:07]} 32. Rcf1 {[%emt 0:00:06]} Kf8 {[%emt 0:00:43]} 33. Rxf5 {[%emt 0:03:16]} Rxf5 {[%emt 0:00:24]} 34. Rxf5 {[%emt 0:01:31]} Qg7 {[%emt 0:00:01]} 35. Qd3 {[%emt 0:02:46]} Nd7 {[%emt 0:01:06]} 36. Rf2 {[%emt 0:00:24]} Ne5 {[%emt 0:00:52]} 37. Qf5 {[%emt 0:00:38]} Bd7 {[%emt 0:01:16]} 38. Qe4 {[%emt 0:01:52]} Ng4 {[%emt 0:01:00]} 39. Rf1 {[%emt 0:01:21]} Qh6 {[%emt 0:02:22]} 40. h3 {[%emt 0:00:00]} Qxe3+ {[%emt 0:00:00]} 41. Kh1 {[%emt 0:02:20]} Nf2+ {[%emt 0:03:22]} 42. Rxf2 {[%emt 0:03:05]} Qxf2 {[%emt 0:00:26]} 0-1

[Event "80th ARM-ch 1st League 2019"]
[Site "Yerevan"]
[Date "2019.08.24"]
[Round "7.3"]
[White "Baghdasaryan, Vahe"]
[Black "Davtyan, Artur"]
[Result "1-0"]
[WhiteElo "2373"]
[BlackElo "2440"]
[Annotator "NA"]
[PlyCount "87"]
[EventDate "2019.08.18"]
[EventType "tourn"]
[EventCountry "ARM"]
[SourceTitle "playchess.com"]
[Source "ChessBase"]
[SourceQuality "1"]
[TimeControl "40/5400+30:1800+30"]

1. e4 {[%emt 0:00:21]} e5 {[%emt 0:00:00]} 2. Nf3 {[%emt 0:01:05]} Nc6 {[%emt 0:00:12]} 3. Bc4 {[%emt 0:00:09]} Bc5 {[%emt 0:00:21]} 4. c3 {[%emt 0:00:08]} Nf6 {[%emt 0:00:09]} 5. d3 {[%emt 0:00:16]} O-O {[%emt 0:00:33]} 6. Bg5 {[%emt 0:00:55]} h6 {[%emt 0:00:08]} 7. Bh4 {[%emt 0:00:07]} Be7 {[%emt 0:00:07]} 8. Nbd2 d6 {[%emt 0:02:20]} 9. Bb3 {[%emt 0:00:52]} Kh8 {[%emt 0:11:18]} 10. Nf1 {[%emt 0:07:31]} Nh5 {[%emt 0:14:07]} 11. Bxe7 {[%emt 0:02:32]} Qxe7 {[%emt 0:01:00]} 12. Ne3 {[%emt 0:00:46]} Nf4 {[%emt 0:04:38]} 13. g3 {[%emt 0:02:38]} Nh3 {[%emt 0:02:33]} 14. Kf1 {[%emt 0:03:19]} g6 {[%emt 0:06:18]} 15. Kg2 {[%emt 0:09:19]} Kg7 $11 {[%emt 0:24:56]} 16. Bd5 {[%emt 0:18:59]} h5 {[%emt 0:06:23]} 17. Ng1 {[%emt 0:12:58]} Nxg1 {[%emt 0:00:42]} 18. Rxg1 {[%emt 0:00:02]} h4 {[%emt 0:00:49]} 19. Qe2 {[%emt 0:18:12]} Bd7 {[%emt 0:00:55]} 20. g4 {[%emt 0:02:41]} Qg5 {[%emt 0:00:30]} 21. Kh1 {[%emt 0:00:30]} Kh7 {[%emt 0:00:30]} 22. f3 {[%emt 0:00:30]} Nd8 {[%emt 0:08:57]} 23. Qf2 {[%emt 0:06:24]} c6 {[%emt 0:03:42]} 24. Bb3 {[%emt 0:00:05]} Ne6 {[%emt 0:00:04]} 25. Bxe6 {[%emt 0:01:32]} fxe6 {[%emt 0:00:47]} 26. Ng2 {[%emt 0:01:05]} Rf6 {[%emt 0:05:40]} 27. Nxh4 {[%emt 0:01:08]} Kg7 {[%emt 0:00:07]} 28. Qg3 {[%emt 0:02:23]} Qf4 {[%emt 0:05:14]} 29. g5 {[%emt 0:01:25]} Rf7 {[%emt 0:00:01]} 30. Qe1 {[%emt 0:00:23]} Rh8 {[%emt 0:01:18]} 31. Rg4 {[%emt 0:00:07]} Rxh4 {[%emt 0:00:03]} 32. Qxh4 {[%emt 0:02:08]} Qxf3+ {[%emt 0:00:02]} 33. Rg2 {[%emt 0:00:08]} Kg8 {[%emt 0:00:30]} 34. Qg3 {[%emt 0:03:09]} c5 {[%emt 0:01:05]} 35. Kg1 {[%emt 0:01:15]} d5 {[%emt 0:01:00]} 36. Qxf3 {[%emt 0:00:47]} Rxf3 {[%emt 0:00:30]} 37. Rf2 {[%emt 0:00:30]} Rxf2 {[%emt 0:00:29]} 38. Kxf2 {[%emt 0:00:00]} Kf7 {[%emt 0:00:30]} 39. Ke3 {[%emt 0:00:14]} Bc6 {[%emt 0:00:29]} 40. Rf1+ Ke7 41. Rf6 {[%emt 0:01:30]} Be8 {[%emt 0:00:45]} 42. exd5 {[%emt 0:00:31]} exd5 {[%emt 0:00:05]} 43. c4 {[%emt 0:00:08]} dxc4 {[%emt 0:00:46]} 44. dxc4 {[%emt 0:05:01]} 1-0

[Event "80th ARM-ch 1st League 2019"]
[Site "Yerevan"]
[Date "2019.08.24"]
[Round "7.4"]
[White "Sargsyan, Shant"]
[Black "Shahinyan, David"]
[Result "1-0"]
[WhiteElo "2540"]
[BlackElo "2452"]
[Annotator "ChessBase"]
[PlyCount "157"]
[EventDate "2019.08.18"]
[EventType "tourn"]
[EventCountry "ARM"]
[SourceTitle "playchess.com"]
[Source "ChessBase"]
[SourceQuality "1"]
[TimeControl "40/5400+30:1800+30"]

1. Nf3 {[%emt 0:01:58]} Nf6 {[%emt 0:01:38]} 2. c4 {[%emt 0:00:58]} c5 3. Nc3 {[%emt 0:01:22]} Nc6 {[%emt 0:04:41]} 4. d4 {[%emt 0:01:24]} cxd4 {[%emt 0:00:28]} 5. Nxd4 {[%emt 0:00:02]} g6 {[%emt 0:00:07]} 6. e4 {[%emt 0:01:19]} Nxd4 {[%emt 0:00:05]} 7. Qxd4 {[%emt 0:00:12]} Bg7 {[%emt 0:00:31]} 8. e5 {[%emt 0:04:51]} Ng8 {[%emt 0:01:55]} 9. Bf4 {[%emt 0:02:02]} Nh6 {[%emt 0:06:11]} 10. O-O-O {[%emt 0:11:16]} O-O {[%emt 0:02:00]} 11. h3 {[%emt 0:06:34]} f6 {[%emt 0:10:09]} 12. Qd2 {[%emt 0:04:40]} Nf7 {[%emt 0:00:54]} 13. exf6 {[%emt 0:00:12]} Bxf6 {[%emt 0:00:03]} 14. Nd5 {[%emt 0:02:19]} e5 {[%emt 0:00:19]} 15. Be3 {[%emt 0:01:42]} d6 {[%emt 0:00:30]} 16. Kb1 {[%emt 0:03:08]} Bg5 {[%emt 0:08:33]} 17. g4 {[%emt 0:05:45]} Be6 {[%emt 0:03:28]} 18. Bg2 {[%emt 0:01:11]} Rc8 {[%emt 0:06:06]} 19. b3 {[%emt 0:01:52]} b6 {[%emt 0:14:28]} 20. Bxg5 {[%emt 0:08:50]} Nxg5 {[%emt 0:00:32]} 21. f4 {[%emt 0:00:16]} Nf7 {[%emt 0:11:20]} 22. Rhf1 {[%emt 0:00:30]} Kh8 {[%emt 0:04:53]} 23. Qb2 {[%emt 0:02:21]} Qh4 {[%emt 0:04:34]} 24. Rde1 {[%emt 0:03:49]} Bxd5 {[%emt 0:03:38]} 25. Bxd5 {[%emt 0:01:12]} Qxh3 {[%emt 0:01:26]} 26. fxe5 {[%emt 0:22:08]} Qd3+ {[%emt 0:00:10]} 27. Ka1 {[%emt 0:00:22]} Nxe5 {[%emt 0:00:28]} 28. Rg1 {[%emt 0:00:53]} Rc7 {[%emt 0:08:04]} 29. Be4 {[%emt 0:00:16]} Qh3 {[%emt 0:00:05]} 30. Bxg6 {[%emt 0:00:33]} Rg7 {[%emt 0:01:20]} 31. Bf5 {[%emt 0:00:16]} Qh6 {[%emt 0:01:45]} 32. Rh1 {[%emt 0:01:11]} Qf6 {[%emt 0:00:46]} 33. Re4 {[%emt 0:00:47]} a5 {[%emt 0:01:36]} 34. Qd4 {[%emt 0:01:16]} a4 {[%emt 0:00:30]} 35. bxa4 {[%emt 0:01:10]} Rc7 {[%emt 0:01:50]} 36. Kb1 {[%emt 0:01:08]} h6 {[%emt 0:00:48]} 37. Qd5 {[%emt 0:04:04]} Kg7 {[%emt 0:01:44]} 38. Rd1 {[%emt 0:01:03]} Rff7 {[%emt 0:00:52]} 39. Qxd6 {[%emt 0:02:45]} Nxc4 {[%emt 0:00:15]} 40. Qb4 {[%emt 0:00:00]} Qc6 {[%emt 0:00:00]} 41. Rde1 {[%emt 0:25:07]} Qc5 {[%emt 0:16:57]} 42. Qc3+ {[%emt 0:00:35]} Rf6 {[%emt 0:02:16]} 43. Rxc4 {[%emt 0:00:32]} Qxc4 {[%emt 0:00:37]} 44. Re7+ {[%emt 0:00:05]} Rxe7 {[%emt 0:00:01]} 45. Qxc4 {[%emt 0:00:04]} h5 {[%emt 0:00:06]} 46. Bc2 {[%emt 0:01:58]} hxg4 {[%emt 0:01:07]} 47. Qxg4+ {[%emt 0:00:02]} Kf8 {[%emt 0:00:02]} 48. Bb3 {[%emt 0:00:25]} Re1+ {[%emt 0:00:01]} 49. Kb2 {[%emt 0:00:08]} Ref1 {[%emt 0:00:21]} 50. Qd7 {[%emt 0:00:40]} R1f2+ {[%emt 0:05:05]} 51. Ka3 {[%emt 0:00:01]} R2f3 {[%emt 0:00:00]} 52. Kb4 {[%emt 0:01:11]} R3f5 {[%emt 0:00:27]} 53. Bd5 {[%emt 0:00:31]} Rf2 {[%emt 0:00:44]} 54. Kb5 {[%emt 0:00:29]} Rb2+ {[%emt 0:00:04]} 55. Bb3 {[%emt 0:00:19]} Rbf2 {[%emt 0:00:02]} 56. Be6 {[%emt 0:01:33]} Rb2+ {[%emt 0:00:22]} 57. Ka6 {[%emt 0:01:42]} b5 {[%emt 0:01:37]} 58. Qd8+ {[%emt 0:01:02]} Kg7 {[%emt 0:00:03]} 59. Qg8+ {[%emt 0:01:45]} Kh6 {[%emt 0:00:01]} 60. axb5 {[%emt 0:00:09]} Rxa2+ {[%emt 0:00:49]} 61. Kb7 {[%emt 0:00:19]} Re2 {[%emt 0:00:42]} 62. Bd7 {[%emt 0:00:15]} Re7 {[%emt 0:01:41]} 63. Qg4 {[%emt 0:00:14]} Rg7 {[%emt 0:00:48]} 64. Qh3+ {[%emt 0:00:05]} Kg5 {[%emt 0:00:19]} 65. Qg3+ {[%emt 0:00:43]} Kh6 {[%emt 0:00:04]} 66. Qh4+ {[%emt 0:00:05]} Kg6 {[%emt 0:00:04]} 67. Kc7 {[%emt 0:00:14]} Re7 {[%emt 0:01:21]} 68. b6 {[%emt 0:00:35]} Rxd7+ {[%emt 0:00:03]} 69. Kxd7 {[%emt 0:00:06]} Rxb6 {[%emt 0:00:02]} 70. Qd4 {[%emt 0:00:48]} Rf6 {[%emt 0:00:39]} 71. Ke7 {[%emt 0:00:04]} Rf7+ {[%emt 0:00:21]} 72. Ke6 {[%emt 0:00:05]} Rf8 {[%emt 0:00:22]} 73. Qg4+ {[%emt 0:00:44]} Kh7 {[%emt 0:00:33]} 74. Ke7 {[%emt 0:00:34]} Rg8 {[%emt 0:00:43]} 75. Qh5+ {[%emt 0:01:46]} Kg7 {[%emt 0:00:02]} 76. Qd5 {[%emt 0:00:32]} Kh7 {[%emt 0:00:24]} 77. Kf7 {[%emt 0:00:24]} Rg7+ {[%emt 0:01:16]} 78. Kf8 {[%emt 0:00:01]} Kh6 {[%emt 0:00:57]} 79. Qh1+ {[%emt 0:00:01]} 1-0

[Event "80th ARM-ch 1st League 2019"]
[Site "Yerevan"]
[Date "2019.08.24"]
[Round "7.5"]
[White "Mikaelyan, Arman"]
[Black "Hayrapetyan, Hovik"]
[Result "1-0"]
[WhiteElo "2454"]
[BlackElo "2453"]
[Annotator "ChessBase"]
[PlyCount "87"]
[EventDate "2019.08.18"]
[EventType "tourn"]
[EventCountry "ARM"]
[SourceTitle "playchess.com"]
[Source "ChessBase"]
[SourceQuality "1"]
[TimeControl "40/5400+30:1800+30"]

1. d4 {[%emt 0:00:44]} Nf6 {[%emt 0:00:38]} 2. c4 {[%emt 0:00:16]} g6 {[%emt 0:01:51]} 3. Nc3 {[%emt 0:00:25]} d5 {[%emt 0:00:07]} 4. Nf3 {[%emt 0:00:38]} Bg7 {[%emt 0:00:16]} 5. h4 c6 {[%emt 0:01:49]} 6. cxd5 {[%emt 0:01:23]} cxd5 {[%emt 0:01:10]} 7. Bf4 {[%emt 0:00:18]} O-O {[%emt 0:00:58]} 8. e3 {[%emt 0:00:14]} Nc6 {[%emt 0:00:46]} 9. Ne5 {[%emt 0:02:11]} e6 {[%emt 0:03:18]} 10. Be2 {[%emt 0:02:39]} h6 {[%emt 0:09:32]} 11. Qb3 {[%emt 0:05:26]} Na5 {[%emt 0:07:25]} 12. Qa3 {[%emt 0:03:05]} Nd7 {[%emt 0:03:13]} 13. Nb5 {[%emt 0:10:16]} Nxe5 {[%emt 0:00:20]} 14. Bxe5 {[%emt 0:00:24]} Bxe5 {[%emt 0:00:12]} 15. dxe5 {[%emt 0:00:05]} Nc6 {[%emt 0:00:02]} 16. f4 {[%emt 0:10:45]} Kg7 {[%emt 0:14:13]} 17. O-O-O {[%emt 0:02:07]} Qa5 {[%emt 0:02:44]} 18. Qxa5 {[%emt 0:16:44]} Nxa5 {[%emt 0:00:09]} 19. b3 {[%emt 0:00:54]} b6 {[%emt 0:01:07]} 20. Kb2 {[%emt 0:03:13]} a6 {[%emt 0:06:54]} 21. Nd6 {[%emt 0:03:41]} Nb7 {[%emt 0:02:30]} 22. Rc1 {[%emt 0:09:08]} Nxd6 {[%emt 0:00:11]} 23. exd6 {[%emt 0:00:03]} Rd8 {[%emt 0:00:11]} 24. Rc6 {[%emt 0:00:25]} Rb8 {[%emt 0:00:04]} 25. Rhc1 {[%emt 0:05:05]} Bd7 {[%emt 0:03:10]} 26. Rc7 {[%emt 0:00:04]} b5 {[%emt 0:00:33]} 27. Kc3 {[%emt 0:06:56]} Rb6 {[%emt 0:01:27]} 28. Kd4 {[%emt 0:00:20]} Rxd6 {[%emt 0:00:06]} 29. Ra7 {[%emt 0:00:56]} Kf6 {[%emt 0:05:36]} 30. Rcc7 {[%emt 0:00:40]} Ke7 {[%emt 0:00:27]} 31. Bf3 {[%emt 0:05:06]} Rb8 {[%emt 0:04:08]} 32. Kc5 {[%emt 0:02:25]} f5 {[%emt 0:05:31]} 33. a3 {[%emt 0:02:40]} g5 {[%emt 0:04:48]} 34. hxg5 {[%emt 0:00:55]} hxg5 {[%emt 0:00:15]} 35. fxg5 {[%emt 0:01:17]} Rg8 {[%emt 0:00:12]} 36. Rab7 {[%emt 0:03:19]} Rxg5 {[%emt 0:01:49]} 37. Rb8 {[%emt 0:00:35]} d4 {[%emt 0:13:56]} 38. Re8+ {[%emt 0:01:04]} Kxe8 {[%emt 0:00:18]} 39. Kxd6 {[%emt 0:00:03]} e5 {[%emt 0:03:28]} 40. Rxd7 {[%emt 0:00:00]} e4 {[%emt 0:00:00]} 41. Re7+ {[%emt 0:05:19]} Kd8 {[%emt 0:02:39]} 42. exd4 {[%emt 0:00:55]} exf3 {[%emt 0:00:11]} 43. gxf3 {[%emt 0:00:05]} Rg2 {[%emt 0:02:28]} 44. Rf7 {[%emt 0:02:17]} 1-0

[Event "80th ARM-ch 1st League 2019"]
[Site "Yerevan"]
[Date "2019.08.24"]
[Round "7.6"]
[White "Gharibyan, Mamikon"]
[Black "Hoghmrtsyan, Artur"]
[Result "1/2-1/2"]
[WhiteElo "2365"]
[BlackElo "2317"]
[Annotator "NA"]
[PlyCount "59"]
[EventDate "2019.08.18"]
[EventType "tourn"]
[EventCountry "ARM"]
[SourceTitle "playchess.com"]
[Source "ChessBase"]
[SourceQuality "1"]
[TimeControl "40/5400+30:1800+30"]

1. d4 {[%emt 0:00:23]} d5 {[%emt 0:00:00]} 2. c4 {[%emt 0:00:17]} e6 {[%emt 0:00:00]} 3. Nc3 {[%emt 0:00:35]} Be7 {[%emt 0:00:00]} 4. Nf3 {[%emt 0:00:30]} Nf6 {[%emt 0:00:03]} 5. Bf4 {[%emt 0:00:16]} O-O {[%emt 0:00:09]} 6. e3 {[%emt 0:00:20]} Nbd7 {[%emt 0:00:15]} 7. Be2 dxc4 {[%emt 0:05:37]} 8. Bxc4 {[%emt 0:01:27]} c5 {[%emt 0:00:56]} 9. dxc5 {[%emt 0:08:32]} Nxc5 {[%emt 0:00:12]} 10. Qc2 {[%emt 0:06:25]} a6 {[%emt 0:04:54]} 11. a4 {[%emt 0:14:16]} Bd7 {[%emt 0:00:20]} 12. O-O {[%emt 0:07:47]} Qa5 {[%emt 0:02:11]} 13. b3 {[%emt 0:28:32]} Rfc8 {[%emt 0:02:09]} 14. Rfc1 {[%emt 0:02:19]} Be8 {[%emt 0:14:10]} 15. e4 {[%emt 0:11:20]} Bc6 {[%emt 0:17:25]} 16. e5 {[%emt 0:00:46]} Nh5 {[%emt 0:13:15]} 17. Bg5 {[%emt 0:05:57]} Qc7 {[%emt 0:03:27]} 18. Bxe7 {[%emt 0:00:04]} Qxe7 {[%emt 0:00:05]} 19. Nd4 {[%emt 0:01:23]} Qg5 {[%emt 0:03:53]} 20. Nxc6 {[%emt 0:00:01]} Rxc6 {[%emt 0:00:14]} 21. Re1 {[%emt 0:00:24]} Nf4 {[%emt 0:01:16]} 22. g3 {[%emt 0:00:44]} Ng6 {[%emt 0:00:56]} 23. Qc1 {[%emt 0:04:22]} Qxc1 {[%emt 0:10:25]} 24. Raxc1 {[%emt 0:00:04]} Rac8 {[%emt 0:00:08]} 25. Re3 {[%emt 0:00:35]} Nd7 {[%emt 0:03:25]} 26. f4 {[%emt 0:00:04]} Nb6 {[%emt 0:01:44]} 27. Ne4 {[%emt 0:04:04]} Nd5 {[%emt 0:08:09]} 28. Ree1 {[%emt 0:00:05]} b5 {[%emt 0:00:04]} 29. axb5 {[%emt 0:00:08]} axb5 {[%emt 0:00:05]} 30. Nd6 {[%emt 0:00:25]} 1/2-1/2